| 000 -LEADER |
| fixed length control field |
00391cam a22001097a 4500 |
| 008 - FIXED-LENGTH DATA ELEMENTS--GENERAL INFORMATION |
| fixed length control field |
180718b xxu||||| |||| 00| 0 eng d |
| 082 ## - DEWEY DECIMAL CLASSIFICATION NUMBER |
| Classification number |
X91x42 |
| 100 ## - MAIN ENTRY--PERSONAL NAME |
| Personal name |
Committee On Air Pollution |
| 245 ## - TITLE STATEMENT |
| Title |
Committee on air pollution : interim report |
| Statement of responsibility, etc. |
by Committee On Air Pollution, United Kingdom |
| 260 ## - PUBLICATION, DISTRIBUTION, ETC. |
| Place of publication, distribution, etc. |
London |
| Name of publisher, distributor, etc. |
Her Majesty's Stationery Office |
| Date of publication, distribution, etc. |
|
| 500 ## - GENERAL NOTE |
| General note |
Contents : Library has 1953,1959, 1964 |